La estimativa moral: propuestas para la educación ética

Guardat en:
Dades bibliogràfiques
Autor principal: Vidal García, Marciano (Autor)
Format: Llibre
Idioma:espanyol
Publicat: Madrid PPC 1996
Edició:1a. ed
Matèries:
Etiquetes: Afegir etiqueta
Sense etiquetes, Sigues el primer a etiquetar aquest registre!

MARC

LEADER 00000cam a2200000 a 4500
001 UCD3102
003 CL-VaPUC
008 160526e19960000sp |||||||||||||||||spa|d
020 |a 8428813698 
082 0 4 |a 241  |b VID  |2 21 
100 |a Vidal García, Marciano  |e author  |9 600968 
245 1 3 |a La estimativa moral: propuestas para la educación ética 
250 |a 1a. ed 
300 |a 192 p 
942 |c BK 
945 |d 20160526 21:26:00  |a dcastane 
260 |a Madrid  |b PPC  |c 1996 
650 0 |a Ética  |9 255099 
650 0 |a Conceptos morales   |9 310606 
650 7 |a DESARROLLO MORAL  |2 CL-VaPUC  |9 310605 
583 |a last modification  |c 20160526 21:26:00  |k Rodrigo Vera 
999 |c 364166  |d 364164 
952 |0 0  |1 0  |3 erb  |4 0  |6 241_000000000000000_VID_1996  |7 0  |8 A  |9 477110  |a BIBTEO  |b BIBTEO  |e Villagrán Garnham, Jorge  |i 531139K  |o 241 VID 1996  |p 531139K  |r 2025-01-17  |w 2019-11-24  |y BK  |z Catalogado en:20160526  |k ICR